000 00640nam a2200217Ia 4500
005 20240925085751.0
008 210716s2005 xx 000 0 und d
020 _a8178081210
040 _cAIMIT LIBRARY
041 _aeng
082 _a382
_22
_bBENR
100 _aBennett, Roger.
_9180167
245 _aInternational business /
_cBy Roger, Bennett.
250 _a2nd ed.
260 _aNew Delhi :
_bPearson Education ,
_c2005.
300 _a402p. ;
_bPB
_c24.3 cm
650 _aThe european union
_9180168
650 _aCultural influences
_9180169
650 _aThe multinational company
_9180170
942 _2ddc
_cBK
_e2nd
_k382 BENR
999 _c199145
_d199145